Bách khoa toàn thư về chiến tranh Bản chất thay đổi của chiến tranh từ thời tiền sử cho đến những cuốc xung đột vũ trang thời hiện đại

Đã lưu trong:
Bibliografiske detaljer
Hovedforfatter: Cross, Robin
Andre forfattere: Thế Anh (biên dịch)
Format: Bog
Sprog:Vietnamese
Udgivet: Hà Nội Văn Hóa Thông Tin 2011
Fag:
Tags: Tilføj Tag
Ingen Tags, Vær først til at tagge denne postø!
Thư viện lưu trữ: Trung tâm Học liệu Lê Vũ Hùng, Trường Đại học Đồng Tháp
LEADER 01009aam a22002418a 4500
001 00029099
005 20171026081025.0
008 120507s2011 ||||||viesd
020 |c 170000 
041 0 # |a vie 
082 1 4 |a 355.009  |b B102KH 
100 1 # |a Cross, Robin 
245 1 0 |a Bách khoa toàn thư về chiến tranh  |b Bản chất thay đổi của chiến tranh từ thời tiền sử cho đến những cuốc xung đột vũ trang thời hiện đại  |c Robin Cross; Thế Anh biên dịch 
260 # # |a Hà Nội  |b Văn Hóa Thông Tin  |c 2011 
300 # # |a 497tr.  |b minh họa  |c 27cm. 
650 # 4 |a Khoa học và nghệ thuật quân sự 
653 # # |a Lịch sử quân sự 
700 1 # |a Thế Anh  |e biên dịch 
852 # # |b Kho mượn  |j KM.0013915 
852 # # |b Kho đọc  |j KD.0013516 
852 # # |j KD.0013516  |j KM.0013915 
910 |d 07/05/2012 
980 # # |a Trung tâm Học liệu Lê Vũ Hùng, Trường Đại học Đồng Tháp